000 01545agaaa2200325 4500
001 1596
003 IT-RoPAU
005 20220918181226.0
007 d cvaizq
008 50131s9999||||xx ||| | || ||und||
040 _aIT-RoPAU
_cIT-RoPAU
041 _aITALIANO
100 _aScaparro Maurizio
_gCodice regista SPICS: 1708
_938358
130 _aVARIETA'
_938359
245 _aVARIETA'
_cSceneggiatura: Testi Scelti Da Oreste Del Buono E Mario Verdone -- Diretto da: Scaparro Maurizio
_pVARIETA' (Rif. Codice opera principale : 41596)
250 _aEdizione Standard
260 _aROMA (ITALIA)
_bTEATRO DELL'OPERA / Distribuzione: RAI
_g"1985 (1° ed.: 1986 ; Ed. Lingua Orig.: 1985)"
300 _aVHS
_bsonoro, col.
_c90 minuti
508 _a"Musica: Carpi Fiorenzo; Sceneggiatura: Testi Scelti Da Oreste Del Buono E Mario Verdone; Coreografia: Landi Gino; Soggetto: Del Buono Oreste -- Verdone Mario"
511 _a"Ranieri Massimo; Merlini Marisa; Benti Galeazzo; Brachetti Arturo"
520 _aMASSIMO-RANIERI MARISA-MERLINI GALEAZZO-BENTI ARTURO-BRACHETTI
538 _aPAL, STEREO
546 _aITALIANO
650 _aTEATRO
_eTV-TEATRO/DANZA [VHS]
_xCodice MATERIA SPICS: 9961
_938360
700 _aCarpi Fiorenzo
_e(musica)
_gCodice Musica SPICS: 13640
_938361
700 _aDel Buono Oreste
_e(soggetto)
_gCodice Soggetto SPICS: 7423
_938362
700 _aScaparro Maurizio
_e(regista)
_gCodice regista SPICS: 1708
_938363
700 _aVerdone Mario
_e(soggetto)
_gCodice Soggetto 2° SPICS: 86
_938364
942 _cVH
_2ddc
999 _c104911
_d104911